000 00890nam a2200277 a 4500
003 DO-SdBNP
005 20250606121936.0
007 ta
008 210715e2018 dr ao |gr|||| 001 0 spa d
020 _a9789945889031
040 _aDO-SdBNP
_bspa
_cBNPHU
082 4 _bD245c
_222
100 1 _99529
_aDávalos, Mario
245 1 2 _a#CapitalEsCapital /
_cMario Dávalos, Camilo Venegas
246 _aCapitalEsCapital
260 _a[s.l.] :
_bCapitalbooks;
_c2018
300 _a167, [7] p. :
_bil., fotogr., retr.;
_c25 cm.
590 _aInventariado 2021 / MF
650 4 _979833
_aSanto Domingo (ciudad)
_xVida social y costumbres
_zRepública Dominicana
650 4 _921336
_aEstilo de vida
_xRepública Dominicana
650 4 _95888
_aComercio
_zRepública Dominicana
650 0 _aIdentidad nacional
_92163
700 1 _aVenegas, Camilo
_958100
910 _aMFeliz
942 _2ddc
_cLBS1
999 _c50117
_d50117